000 00460nam a22001697a 4500
003 MPLRDC
005 20220104143414.0
008 210129b ||||| |||| 00| 0 eng d
020 _a983-50-2394-8
082 _a738.6256 GRD
100 _a郭仁德
245 _a马新抗日史料: 神秘莱特
_c
260 _a马来西亚
_b彩虹出版有限公司
_c1999
300 _b
650 _a东南亚--马来西亚日据时期
942 _cBK
_o738.6256 GRD
999 _c39587
_d39577